Kraje z stolicą na litere W - Statystyki

Ogólne statystyki
  • Ten quiz został rozwiązany 99 razy
  • Średni wynik to 5 z 9
Statystyki odpowiedzi
STOLICA % Poprawnych
Warszawa
88%
Waszyngton
71%
Wiedeń
62%
Watykan
55%
Wilno
55%
Wellington
43%
Wagadugu
29%
Wientian
29%
Windhuk
18%
Nie znaleziono quizów pasujących do podanych kryteriów
Rozkład punktacji
Procent ludzi z każdym wynikiem
Percentyl według liczby udzielonych odpowiedzi
Twoja historia wyników
Nie rozwiązałeś tego quizu